000 00732nam a2200229Ii 4500
003 JO-AjNU
008 230605s9999||||xx |||||||||||||| ||und||
017 _a2005/22116
020 _a977-356-181-X
040 _aJO-AjNU
_bara
_erda
_cJO-AjNU
041 _aara
050 1 4 _aPN2075.S2578 2006
100 3 _aسرحان،سمير,
_eauthor
_934210
245 0 0 _aتجارب جديدة في الفن المسرحي
250 _aط1
264 3 1 _aالقاهرة: هلا للنشر و التوزيع، 2006
300 _a300ص
336 _atext
_btxt
_2rdacontent
337 _aunmediated
_bn
_2rdamedia
338 _avolume
_bnc
_2rdacarrier
650 4 _aالمسرح - تمثيل - الفن المسرحي - تجارب
_934211
999 _aA14000
_c17568
_d17568